Movies Quiz

Random Movies or Clickable Quiz
Score 0/19 Timer 04:00
12 Plays Today
% Correct
Wookiee
98.1%
Ewok
97.5%
Hutt
95.8%
Zabrak
95%
Jawa
91.9%
Rodian
91.4%
Tusken
Raider
91.1%
Sullustan
87.8%
Ithorian
87.6%
Kaminoan
87.2%
% Correct
Mon Calamari
87.1%
Gamorrean
86.5%
Toydarian
85.7%
Cerean
85.2%
Twi'lek
84.7%
Ortolan
84%
Gungan
82.2%
Neimoidian
77.6%
Geonosian
77.1%
Remove Ads.
Support Sporcle.
Get the best of Sporcle when you Go Orange. This ad-free experience offers more features, more stats, and more fun while also helping to support Sporcle. Thank you for becoming a member.

You're not logged in!

Compare scores with friends on all Sporcle quizzes.
OR
Log In

Show Comments

Extras

Top Quizzes Today


Score Distribution

Your Account Isn't Verified!

In order to create a playlist on Sporcle, you need to verify the email address you used during registration. Go to your Sporcle Settings to finish the process.

Report this User

Report this user for behavior that violates our Community Guidelines.

Details: